General mechanical drawing : (Record no. 1952)

MARC details
000 -LEADER
fixed length control field 00745cam a22002171 4500
001 - CONTROL NUMBER
control field BD-DhSAU 1952
003 - CONTROL NUMBER IDENTIFIER
control field BD-DhSAU
005 - DATE AND TIME OF LATEST TRANSACTION
control field 20150122114115.0
008 - FIXED-LENGTH DATA ELEMENTS--GENERAL INFORMATION
fixed length control field 790813s1935 wiua b 000 0 eng
040 ## - CATALOGING SOURCE
Original cataloging agency BD-DhSAU
082 ## - DEWEY DECIMAL CLASSIFICATION NUMBER
Classification number 743
Edition number 22
Item number MCG
100 1# - MAIN ENTRY--PERSONAL NAME
Personal name McGee, Richard Allen,
Dates associated with a name 1897-
245 00 - TITLE STATEMENT
Title General mechanical drawing :
Remainder of title a course based on the junior high-school movement /
Statement of responsibility, etc. R. A. McGee and W. W. Sturtevant.
260 ## - PUBLICATION, DISTRIBUTION, ETC. (IMPRINT)
Place of publication, distribution, etc. Milwaukee, Wis. :
Name of publisher, distributor, etc. The Bruce publishing company ,
Date of publication, distribution, etc. c1935.
300 ## - PHYSICAL DESCRIPTION
Extent xviii, 192 p. :
Dimensions 24 cm.
Other physical details ill. ;
504 ## - BIBLIOGRAPHY, ETC. NOTE
Bibliography, etc Include bibliographical references and index.
590 ## - Name of Cataloguer
Name of Cataloger joy
650 #0 - SUBJECT ADDED ENTRY--TOPICAL TERM
Topical term or geographic name as entry element Mechanical drawing.
650 #0 - SUBJECT ADDED ENTRY--TOPICAL TERM
Topical term or geographic name as entry element Agricultural Engineering.
700 1# - ADDED ENTRY--PERSONAL NAME
Personal name Sturtevant, Walter Wells,
Dates associated with a name 1885-
942 ## - ADDED ENTRY ELEMENTS (KOHA)
Source of classification or shelving scheme Dewey Decimal Classification
Koha item type Book
Holdings
Withdrawn status Lost status Source of classification or shelving scheme Damaged status Not for loan Home library Branch Name Shelving location Date acquired Total Checkouts Full call number Barcode Date last seen Price effective from Koha item type Collection code
    Dewey Decimal Classification     SAU Library SAU Library General Stacks 29/04/1965   743 MCG 2932 22/01/2015 22/01/2015 Book  
    Dewey Decimal Classification     SAU Library SAU Library General Stacks 29/04/1965   743 MCG 2933 22/01/2015 22/01/2015 Book  
    Dewey Decimal Classification     SAU Library SAU Library General Stacks 29/04/1965   743 MCG 2931 22/01/2015 22/01/2015 Book  
    Dewey Decimal Classification   Not For Loan SAU Library SAU Library Reference 18/04/1979   743 MCG 2930 15/04/2015 15/04/2015 Book Reference